01638agaaa2200313 45000010005000000030009000050050017000140070009000310080040000400400023000800410013001031000044001161300026001602400030001862450143002162460023003592500022003822600102004043000034005065080091005405110053006315200380006845380016010645460013010806500054010937000063011477000056012107000058012665297IT-RoPAU20220918181224.0d cvaizq50131s9999||||xx ||| | || ||und|| aIT-RoPAUcIT-RoPAU aITALIANO aRohmer EricgCodice regista SPICS: 1948 aRACCONTO DI PRIMAVERA aCONTE DE PRINTEMPSgT2379 aRACCONTO DI PRIMAVERAcProdotto da: Menegoz Margaret Diretto da: Rohmer EricpRACCONTO DI PRIMAVERA (Rif. Codice opera principale : A5297) aCONTE DE PRINTEMPS aEdizione Standard a(FRANCIA)bFILMS DU LOSANGE / Distribuzione: RAIg"1989 (1° ed.: 1991 ; Ed. Lingua Orig.: 1989)" aVHSbsonoro, col.c110 minuti a"Fotografia: Pages Luc; Montaggio: Garcia Maria-Luisa; Musica: Beethoven Ludwig Van; " a"Teyssedre Anne; Quester Hugues; Darel Florence" aTRATTO DA RACCONTI DELLE QUATTRO STAGIONI. LE PRIMAVERE SENTIMENTALI DI ERIC ROHMER. LA PROFESSORESSA JEANNE SI TRASFERISCE PER QUALCHE GIORNO IN CASA DELLA PIANISTA NATACHA. LE DUE AMICHE SI CONFIDANO I PROPRI AFFANNI D'AMORE: JEANNE NON SI FIDA DEL SUO RAGAZZO MATHIEU...MUSICA: SONATA N.5 IN FA MAGGIORE DI BEETHOVEN. LES CHANTS DE L'AUBE DI SCHUMANN E ETUDES SYMPHONIQUES aPAL, STEREO aITALIANO aCOMMEDIAeFILMS [VHS]xCodice MATERIA SPICS: 9960 aBeethoven Ludwig Vane(musica)gCodice Musica SPICS: 10721 aRohmer Eric e(regista)gCodice regista SPICS: 1948 aRohmer Eric e(soggetto)gCodice Soggetto SPICS: 1948